Exterior differential systems and the calculus of variations /
Guardado en:
| Autor Principal: | |
|---|---|
| Formato: | Libro |
| Idioma: | English |
| Publicado: |
Boston :
Birkhäuser,
1983.
|
| Series: | Progress in mathematics (Boston, Mass.) ;
v. 25. |
| Materias: | |
| Etiquetas: |
Agregar Etiqueta
Sin Etiquetas, Sea el primero en etiquetar este registro!
|
| LEADER | 00831cam a2200241 a 4500 | ||
|---|---|---|---|
| 001 | MAT.inmabb003682 | ||
| 008 | 820916s1983####maua#####b####001#0#eng## | ||
| 005 | 20130311171250.0 | ||
| 245 | 1 | 0 | |a Exterior differential systems and the calculus of variations / |c Phillip A. Griffiths. |
| 260 | |a Boston : |b Birkhäuser, |c 1983. | ||
| 300 | |a viii, 335 p. : |b il. ; |c 24 cm. | ||
| 490 | 1 | |a Progress in mathematics ; |v v. 25 | |
| 504 | |a Bibliografía: p. 332-335. | ||
| 510 | 4 | |a MR, |c 84h:58007 | |
| 020 | |a 3764331038 | ||
| 100 | 1 | |a Griffiths, Phillip, |d 1938- | |
| 830 | 0 | |a Progress in mathematics (Boston, Mass.) ; |v v. 25. | |
| 650 | 0 | |a Calculus of variations. | |
| 650 | 0 | |a Exterior differential systems. | |
| 084 | |a 58A15 (58-01 58E30) |2 msc2000 | ||
| 010 | |a 82017878 | ||
| 040 | |a DLC |c DLC |d DLC | ||
| 859 | |h 58 |i G855 |p A-6754 |b BIB. MATEMATICA | ||
